000 00443ntaaa2200181 4500
003 01
005 20251027202113.0
008 0714s1973 ag 01
040 _aAR-BaBN
_bspa
_cAR-BaBN
_eaacr
_dRIC
082 _a252.0600 W84
245 _aLet the fire fall!
250 _a1 ed.
260 _aNashville :
_bBroadman Press,
_cc1968
300 _a143 p
500 _aSermones evangeñísticos
700 _aWomack, Don L.
_919504
942 _cBK
999 _c15896
_d15896